|
|
|
|
| LEADER |
02249nam a22005055i 4500 |
| 001 |
978-3-319-24325-2 |
| 003 |
DE-He213 |
| 005 |
20170519073801.0 |
| 007 |
cr nn 008mamaa |
| 008 |
151126s2016 gw | s |||| 0|eng d |
| 020 |
|
|
|a 9783319243252
|9 978-3-319-24325-2
|
| 024 |
7 |
|
|a 10.1007/978-3-319-24325-2
|2 doi
|
| 040 |
|
|
|d GrThAP
|
| 050 |
|
4 |
|a HC10-1085
|
| 072 |
|
7 |
|a KCZ
|2 bicssc
|
| 072 |
|
7 |
|a BUS069000
|2 bisacsh
|
| 072 |
|
7 |
|a SOC019000
|2 bisacsh
|
| 082 |
0 |
4 |
|a 330.1509
|2 23
|
| 100 |
1 |
|
|a Aimar, Thierry.
|e author.
|
| 245 |
1 |
0 |
|a Business Cycles in the Run of History
|h [electronic resource] /
|c by Thierry Aimar, Francis Bismans, Claude Diebolt.
|
| 264 |
|
1 |
|a Cham :
|b Springer International Publishing :
|b Imprint: Springer,
|c 2016.
|
| 300 |
|
|
|a VI, 94 p. 7 illus., 6 illus. in color.
|b online resource.
|
| 336 |
|
|
|a text
|b txt
|2 rdacontent
|
| 337 |
|
|
|a computer
|b c
|2 rdamedia
|
| 338 |
|
|
|a online resource
|b cr
|2 rdacarrier
|
| 347 |
|
|
|a text file
|b PDF
|2 rda
|
| 490 |
1 |
|
|a SpringerBriefs in Economics,
|x 2191-5504
|
| 520 |
|
|
|a This book analyzes the development of economic cycles in the run of history. The focus is on the development of cycle theory, with maximum emphasis upon ideas. Chapter 1 delivers an overview of the debate about cycles before the 1970s. Chapter 2 completes this survey by presenting the main empirical investigations since that time. Finally, Chapters 3 and 4 illustrate the discourse, by presenting, in the tradition of Burns and Mitchell, original case studies on France, South Africa, and Germany.
|
| 650 |
|
0 |
|a History.
|
| 650 |
|
0 |
|a Economic growth.
|
| 650 |
|
0 |
|a Social sciences.
|
| 650 |
1 |
4 |
|a Economics.
|
| 650 |
2 |
4 |
|a History of Economic Thought/Methodology.
|
| 650 |
2 |
4 |
|a Economic Growth.
|
| 650 |
2 |
4 |
|a History, general.
|
| 650 |
2 |
4 |
|a Methodology of the Social Sciences.
|
| 700 |
1 |
|
|a Bismans, Francis.
|e author.
|
| 700 |
1 |
|
|a Diebolt, Claude.
|e author.
|
| 710 |
2 |
|
|a SpringerLink (Online service)
|
| 773 |
0 |
|
|t Springer eBooks
|
| 776 |
0 |
8 |
|i Printed edition:
|z 9783319243238
|
| 830 |
|
0 |
|a SpringerBriefs in Economics,
|x 2191-5504
|
| 856 |
4 |
0 |
|u http://dx.doi.org/10.1007/978-3-319-24325-2
|z Full Text via HEAL-Link
|
| 912 |
|
|
|a ZDB-2-ECF
|
| 950 |
|
|
|a Economics and Finance (Springer-41170)
|